Statistics for Avengers MCU word chain

Click here to take the quiz!

General Stats

  • This quiz has been taken 1,542 times
  • The average score is 6 of 13

Answer Stats

HintAnswer% Correct
king of asgardOdin
100%
his adopted sonLoki
99%
who is called puny byHulk
83%
who is in love withBlack Widow
80%
who is best friends withHawkeye
78%
who is arrested with the smallest avengerAntman
77%
who fights on this side of Civil WarCaptian America
45%
who fights on this sideIronman
18%
where the king isBlack Panther
17%
which is only located inWakanda
17%
who's sheild is made out of Vibrainium
14%
who hatesThe Winter Soldier
13%
who killedMaria and Howard Stark
4%

Score Distribution

Percentile by Number Answered

Percent of People with Each Score

Your Score History

You have not taken this quiz